| 000 | 00982nam a2200277Ia 4500 | ||
|---|---|---|---|
| 005 | 20260324125828.0 | ||
| 008 | 008 260324s9999 xx 000 0 eng d | ||
| 020 | _a9781315217727 | ||
| 037 | _aEBOOK | ||
| 040 | _aCRL | ||
| 040 | _beng | ||
| 040 | _cCRL | ||
| 041 | _2eng | ||
| 041 | _aeng | ||
| 084 | _qCRL | ||
| 100 |
_aTomasz Marciniak; Thomas C Savell; Kevin Skadron; Mark K. Smotherman; Ani Nahapetian; Siamack Haghighi; Fredrick Taylor, J; Richard C. Dorf; Matt Franklin; Anna Hac; Majid Sarrafzadeh; Adam Dabrowski; Zoran Stamenkovic; Earl E. Swartzlander; Don Bouldin; David Tarjan; Yuichi Kado; Thucydides Xanthopoulos; Vojin G. Oklobdzija; Foad Dabiri; Jonathan W. Valvano _91179483 |
||
| 245 | 4 | _aThe Computer Engineering Handbook | |
| 260 | _bTaylor and Francis | ||
| 260 | _c2008 | ||
| 365 | _a | ||
| 365 | _b465 | ||
| 856 | _uhttp://www.taylorfrancis.com/books/9781315217727 | ||
| 942 | _cEBOOK | ||
| 999 |
_c1775071 _d1775071 |
||